000 00879nas a2200313 4500
001 BR8805645
003 BR-BrBNA
005 20231205091318.0
007 ta
008 230509b bl.|||p| |||| 00| 00por d
040 _aBR-BrBNA
_bpor
_cBiblioteca Nacional de Agricultura
041 _a(Pt)
072 _aF01
100 1 _aSiqueira, D.L. de
100 1 _aBotrel, N.
245 1 _aA segunda colheita em um abacaxizal
650 _aABACAXI
650 _aCOLHEITA
650 _aRENDIMENTO
650 _aPARASITO
650 _aERVA DANINHA
650 _aFUSARIOSE
650 _aVARIEDADE
650 _aPLANTIO
650 _aHERBICIDA
773 0 _tInforme Agropecuario - Empresa de Pesquisa Agropecuaria de Minas Gerais (Brazil)
_xISSN 0100-3364
_g(Oct 1985), v. 11(130) p. 60-62
_wBR8805645
909 _a202311
_bLúcia
_c55
_dLúcia Elande
942 _2AGRIS
_n0
_cANA
999 _c124286
_d124286